000 00259nam a2200109Ia 4500
008 220204s9999 xx 000 0 und d
082 _a542.8
_bLYA
100 _aLyalikov, Yu
245 0 _aPhysico chemical analysis
260 _aMoscow
_bMir
_c1968
942 _cBK
999 _c26148
_d26148